000 00482nam a2200157 4500
999 _c181831
_d181831
005 20211006164910.0
010 _aEN230921
020 _a9789388789967
_c250.00
037 _bB.R. Publishing Corporation
100 _aSarkar,Sir Jadunath
245 _aMughal administration /
_cby Sir Jadunath Sarkar
260 _aDelhi
_bB.R. Publishing Corporation
_c2021
270 _a425,Nimri Colony,Ashok Vihar,Phase-IV,
_bDelhi
_e110052
300 _a152p.
_c18cm(pbk)
942 _2ddc
_cEN
_mSAR